01695nam a2200361 a 4500001001000000003000500010005001700015008004100032010001100073011001100084040000900095090001000104100004000114245027200154260004100426500006000467502010800527590004100635590004000676590004000716590004000756650004800796650002400844650004500868650003200913856007000945901000701015942001001022942000601032999001901038952013601057952014001193000111059CHAP20220329144156.0141128s2014 mx a |sm |||||||spa d a107521 a108493 cCHAP aTesis1 aMéndez García, Héctor912886710aEvaluación de efectividad biológica de naria top (Pyraciostrobin+Dimetomorf) y kelpak (Auxinas+Citoquininas) en damping off (Rhizoctonia solani) en el cultivo de tomate (Solanum lycopersicum), en el Estado de Morelosh[En línea]cpor Héctor Méndez García. aChapingo, Méx. :bEl autor,c2014. aPara ver el contenido del material haga clic en la liga aTesis (Ing. Agr. Esp. en Parasitología Agrícola) -- UACH. Departamento de Paraitología Agrícola aE11695DGDb10c20141201lUCH01h1439 aE5652GLJb05c20141128lUCH01h0922 aE5652GLJb05c20141128lUCH01h1253 aE5652GLJb05c20141128lUCH01h125514aControl biológico de enfermedades.92757914aDamping off.93100914aTomatexEnfermedades por hongos.911371314aTomatexFungicidas.9113725 aFinding aiduhttp://10.13.5.2/tesis/sist111059.pdfzTeclea aquí aBK cTESIS n0 c107521d107521 00104054718TESISaBCbBCd2014-11-28fTESISl0otesisp33724002433538r2019-12-31 00:00:00w2019-12-31yTESISzRecien adquirido 00102local4053708TESISaBCbBCcPA_TESISd2014-11-28fTESISl0otesisp33724002433579r2019-12-31 00:00:00tc.2w2019-12-31yTESIS